[Event "36th European Club Cup 2021"]
[Site "Struga"]
[Date "2021.09.22"]
[Round "5.5"]
[White "Anton Guijarro, David"]
[Black "Matlakov, Maxim"]
[Result "1/2-1/2"]
[WhiteElo "2651"]
[BlackElo "2683"]
[Annotator "TA"]
[PlyCount "65"]
[EventDate "2021.09.18"]
[EventType "team-tourn"]
[EventCountry "MKD"]
[SourceTitle "playchess.com"]
[Source "ChessBase"]
[SourceQuality "1"]

{[%evp 13,65,8,14,8,14,8,42,7,14,8,11,10,10,8,9,0,3,0,0,0,2,-27,-2,-14,-15,-15,
8,2,8,2,7,0,0,0,0,0,0,0,0,0,0,0,0,0,0,0,0,0,0,0,0,0,0,0]} 1. e4 e5 2. Nf3 Nc6
3. Bc4 Nf6 4. d3 Bc5 5. c3 d6 6. Bg5 h6 7. Bh4 a6 8. Nbd2 {C54: Giuoco Piano:
4 c3 Nf6, main lines with 5 d4 and 5 d3.} Ba7 9. O-O Qe7 {[#]} 10. Kh1 $146 {
White is slightly better.} ({Predecessor:} 10. a4 g5 11. Bg3 Nd7 12. b4 Nf8 13.
Kh1 h5 14. h4 g4 15. Nh2 Ng6 16. b5 {0-1 (36) Aronian,L (2782)-Le,Q (2709)
chess24.com INT 2021}) 10... Be6 11. a4 Bxc4 12. Nxc4 Qe6 13. Bxf6 Qxf6 14. b4
{[%cal Bb2b4,Bb4b5][%mdl 32]} O-O 15. b5 Nd8 {[%cal Bc6d8,Bd8e6,Be6g5,Bg5f3]
[%mdl 32]} 16. g3 Ne6 17. Kg2 Bc5 18. Qd2 {The position is equal.} axb5 19.
axb5 c6 20. bxc6 bxc6 21. Ne3 Ng5 22. Nf5 Nxf3 23. Kxf3 d5 24. Kg2 h5 25. Nh4
dxe4 26. dxe4 g6 27. Nf3 Kg7 28. Qe2 Qe6 29. Rfb1 Rfb8 30. Ng5 Qg4 31. Nf3 {
[#] Hoping for Qc4.} Qe6 32. Ng5 Qg4 33. Nf3 {A rather calm draw.  Weighted
Error Value: White=0.06/Black=0.04} 1/2-1/2

[Event "36th European Club Cup 2021"]
[Site "Struga"]
[Date "2021.09.22"]
[Round "5.6"]
[White "Ponkratov, Pavel"]
[Black "Sasikiran, Krishnan"]
[Result "1-0"]
[WhiteElo "2657"]
[BlackElo "2647"]
[Annotator "TA"]
[PlyCount "123"]
[EventDate "2021.09.18"]
[EventType "team-tourn"]
[EventCountry "MKD"]
[SourceTitle "playchess.com"]
[Source "ChessBase"]
[SourceQuality "1"]

{[%evp 21,123,-21,-23,-16,-13,-52,-44,-51,-43,-41,-36,-35,-39,-54,-41,-22,0,0,
0,-20,-16,-14,-22,-17,-22,-31,0,0,0,0,0,-18,-18,-18,-22,-2,0,-10,0,-20,0,1,15,
21,8,10,50,58,53,43,135,104,162,204,181,63,52,68,133,141,197,196,172,96,79,78,
76,68,94,58,74,74,93,14,14,14,14,16,14,17,21,9,8,0,0,0,0,0,0,0,0,0,0,0,8,8,233,
230,1074,1025,1010,989,825,772]} 1. e4 e5 2. Nf3 Nc6 3. d4 exd4 4. Bc4 Nf6 5.
e5 d5 6. Bb5 Ne4 7. Nxd4 Bd7 8. Bxc6 bxc6 9. O-O Bc5 10. f3 $1 {The main line
10.f3 scores better than 10.Be3.} Ng5 11. Kh1 O-O 12. Nc3 {C56: Two Knights: 4
d4 exd4 5 0-0 Nxe4.} Ne6 13. Nb3 Bb6 14. f4 {Black is slightly better.} f5 15.
Ne2 {[#]} Qe8 $146 ({Predecessor:} 15... a5 16. c4 a4 17. Nd2 Bc8 18. Rb1 Qd7
19. b4 axb3 20. axb3 d4 21. b4 c5 {1-0 (34) Kuge,T (2000)-Panov,D (1992) FICGS
email 2011}) 16. a4 a5 17. c4 dxc4 18. Nd2 Nc5 19. Nxc4 Be6 20. Qc2 Qf7 21.
Nxb6 cxb6 22. Be3 Bb3 23. Qc1 Bc4 24. Bxc5 bxc5 25. Rf2 Rab8 26. Ng3 Rb4 27.
Qe3 Qe7 28. Rc1 Bd5 29. Rxc5 Rxa4 30. h3 g6 31. Rcc2 Rb8 32. Ne2 Re4 33. Qg3
Qa7 {White should prevent ...Re3.} 34. Nc3 Re3 35. Qh4 Bc4 ({Black should try} 
35... Qd7 $1 $14) 36. Rcd2 Rd3 (36... Rf8 $16) 37. Rxd3 $18 Bxd3 38. Qg3 (38.
Rd2 $18 Bc4 39. Rd6 (39. Rd8+ Rxd8 40. Qxd8+ Kg7 $16)) 38... Bc4 $14 39. Rd2 a4
(39... Qe7 $14) 40. Kh2 $16 a3 (40... Bf7 $16 41. Rd6 Re8 42. Rxc6 Qb7) 41.
bxa3 $18 Qxa3 {[#]} 42. Rd7 (42. Rd6 $1 $18) 42... Bf7 $16 43. Qe3 {aiming for
e6.} Be8 44. Ra7 Qb4 45. Na4 Rb5 46. Ra8 Kf8 47. Qf2 ({White should play} 47.
e6 $16) 47... g5 $11 48. fxg5 Qe4 49. Qg3 {[#] Strongly threatening Nc3!} Qxe5
50. Qxe5 Rxe5 {[%mdl 4096] Endgame KRB-KRN} 51. Kg3 Kg7 52. Nc3 Bf7 {...Re3+
is the strong threat.} 53. Kf4 Rc5 54. Ne2 Rc4+ 55. Kg3 ({Don't go for} 55.
Kxf5 $2 Bg6+ 56. Ke6 Re4+ 57. Kd6 Rxe2 $19) 55... Kg6 56. h4 Rg4+ 57. Kh3 Bc4
58. Ng3 {Hoping for Nxf5!} Be6 {Black cannot hold the game after this.} (58...
Rf4 $1 $11) 59. Rf8 $18 {And now Rf6+ would win.} Kg7 (59... Bf7 60. Nxf5 Rc4)
60. Rf6 {White is clearly winning.} Bd7 61. Nh5+ Kg8 62. Rd6 {Weighted Error
Value: White=0.11/Black=0.15} 1-0

[Event "36th European Club Cup 2021"]
[Site "Struga"]
[Date "2021.09.22"]
[Round "5.7"]
[White "Mikhalevski, Victor"]
[Black "Korobov, Anton"]
[Result "0-1"]
[WhiteElo "2573"]
[BlackElo "2685"]
[Annotator "TA"]
[PlyCount "52"]
[EventDate "2021.09.18"]
[EventType "team-tourn"]
[EventCountry "MKD"]
[SourceTitle "playchess.com"]
[Source "ChessBase"]
[SourceQuality "1"]

{[%evp 9,52,20,22,19,43,52,48,7,0,-2,0,0,0,0,0,-18,-22,-10,41,0,0,-86,-114,
-350,-295,-357,-344,-333,-345,-333,-330,-535,-492,-490,-522,-535,-536,-584,
-584,-577,-581,-585,-580,-598,-596]} 1. c4 Nf6 2. Nf3 g6 3. Nc3 d5 4. cxd5 Nxd5
5. h4 Nxc3 6. bxc3 {A16: English Opening: 1...Nf6 with ...d5.} Bg7 {The main
line 6...Bg7 scores better than 6...h6.} 7. h5 c5 8. e4 {White is slightly
better.} Nc6 9. Bb5 O-O 10. Ba3 Qb6 11. Rb1 a6 {[#]} 12. Bc4 $146 ({
Predecessor:} 12. Be2 Qa5 13. Qc1 Rd8 14. hxg6 hxg6 15. Ng5 Ne5 16. Qb2 Nd3+
17. Bxd3 Rxd3 18. Qb3 {1/2-1/2 (36) Rada,H (2387)-Walter,G (2377) ICCF email
2009}) 12... Qc7 13. Qe2 Qa5 (13... Na5 $1 $11) 14. hxg6 hxg6 15. Nh4 {[#]} e6
$1 $36 {[%mdl 2048] Black has strong initiative.} ({Reject} 15... Qxa3 $6 16.
Nxg6 e6 17. Nxf8 $11) 16. Qg4 $2 {Loses the game.} Ne5 17. Nxg6 fxg6 ({Not} 
17... Nxg4 18. Ne7#) 18. Bxe6+ Bxe6 19. Qxe6+ Rf7 20. Rxb7 $2 {[#]} (20. O-O
Qxa3 21. f4) 20... Qxa3 $19 {Black is clearly winning.} 21. O-O {and if f4
works, White does fine.} Qa4 22. Rxf7 Nxf7 23. Rb1 Re8 24. Qxg6 Qxe4 25. Qxe4
Rxe4 26. Rb8+ Bf8 {Weighted Error Value: White=0.45/Black=0.07} 0-1

[Event "36th European Club Cup 2021"]
[Site "Struga"]
[Date "2021.09.22"]
[Round "5.8"]
[White "Shirov, Alexei"]
[Black "Nabaty, Tamir"]
[Result "1/2-1/2"]
[WhiteElo "2652"]
[BlackElo "2638"]
[Annotator "TA"]
[PlyCount "72"]
[EventDate "2021.09.18"]
[EventType "team-tourn"]
[EventCountry "MKD"]
[SourceTitle "playchess.com"]
[Source "ChessBase"]
[SourceQuality "1"]

{[%evp 9,72,25,22,7,22,5,5,5,11,6,16,20,9,8,21,0,0,0,0,-10,0,-17,0,-11,-4,-10,
0,-6,-15,-29,0,-4,0,-79,-31,-94,0,0,-6,-4,29,32,20,0,0,0,0,0,0,0,0,-50,0,-13,0,
0,-2,-12,0,0,0,0,0,0,0]} 1. e4 e5 2. Nf3 Nf6 3. Nxe5 d6 4. Nf3 Nxe4 5. Bd3 Nf6
6. O-O {C42: Petroff Defence: 3 Nxe5 and unusual White 3rd moves.} Be7 7. h3 d5
8. c3 {[#]} c5 $146 ({Predecessor:} 8... O-O 9. Bc2 Re8 10. d4 Nbd7 11. Re1 c5
12. Bf4 Nf8 13. Nbd2 Ng6 14. Bh2 c4 {1-0 (37) Song,R (2485)-Kumar,M (1928)
chess.com INT 2021}) 9. Bc2 d4 10. cxd4 cxd4 11. Ba4+ Nc6 12. Bxc6+ bxc6 13.
Qa4 O-O 14. Qxd4 Nd5 15. Re1 Nb4 {And now ...Qxd4 would win.} 16. Qe4 Re8 17.
d4 $1 Ba6 18. Bd2 Nd3 19. Re3 c5 20. d5 ({Much worse is} 20. Rxd3 Bd6 $17)
20... Nxb2 21. Bc3 (21. Nc3 $11) 21... Nd1 (21... Nc4 $5 {[%cal Rc4e3]} 22. Qg4
g6 $17) 22. Qg4 (22. Re1 $15 Nxc3 23. Nxc3) 22... Bf8 (22... g6 $17 23. Re1
Qxd5) 23. Rxe8 $11 Qxe8 24. Be5 Rd8 25. Nbd2 {Threatens to win with Ne4.} Be2
26. Qe4 {Ng5 is the strong threat.} Bxf3 27. gxf3 ({Don't play} 27. Nxf3 {[#]}
Nc3 $1 $17) 27... f5 $1 {[%cal Rf5e4]} 28. Qxf5 {Black must now prevent Qe4.}
Rxd5 {[%mdl 64] [#] Double Attack} 29. Nc4 Nc3 $1 30. Re1 (30. Kh2 {keeps more
tension.} Nb5 31. Qe4 Qf7 32. Rb1 Nd4 33. Kg2) 30... Nb5 (30... Nxa2 {seems
wilder.} 31. Kg2 Nb4 32. Qe4 Rd8 33. Ra1 Qf7) 31. Re4 {The position is equal.}
(31. Kg2 {is interesting.} Qf7 32. Qxf7+ Kxf7 33. Rb1 Na3 34. Rb7+) 31... Qd7 (
31... Nd4 {feels hotter.} 32. Qf4 Qg6+ 33. Kh2 Qf7 34. Kg2 g6) 32. Qxd7 Rxd7
33. Kf1 Rd1+ 34. Ke2 Rc1 35. Kd3 Rd1+ 36. Ke2 Rc1 {Weighted Error Value:
White=0.13/Black=0.15} 1/2-1/2

[Event "36th European Club Cup 2021"]
[Site "Struga"]
[Date "2021.09.22"]
[Round "5.9"]
[White "Roiz, Michael"]
[Black "Abasov, Nijat"]
[Result "1/2-1/2"]
[WhiteElo "2580"]
[BlackElo "2652"]
[Annotator "TA"]
[PlyCount "71"]
[EventDate "2021.09.18"]
[EventType "team-tourn"]
[EventCountry "MKD"]
[SourceTitle "playchess.com"]
[Source "ChessBase"]
[SourceQuality "1"]

{[%evp 13,71,13,3,1,22,28,28,30,31,23,25,18,22,29,21,30,45,61,69,54,52,11,66,
50,70,56,58,65,79,26,17,20,20,0,0,0,15,2,21,12,22,0,0,-6,0,0,0,-2,0,0,0,0,0,0,
0,0,0,0,0,0]} 1. Nf3 Nf6 2. g3 d5 3. Bg2 e6 4. O-O Be7 5. d4 O-O 6. c4 dxc4 7.
Qc2 b5 8. a4 {E05: Open Catalan: 5 Nf3 Be7.} Bb7 9. axb5 a6 10. Nc3 {[%cal
Bb1c3,Bc3b5,Bb5d6][%mdl 32] White has an edge.} axb5 11. Rxa8 Bxa8 12. Nxb5 Bd5
13. Bf4 c5 14. dxc5 {[#]} Na6 $146 ({Predecessor:} 14... Bxc5 15. Na3 Bxa3 16.
bxa3 Nc6 17. Bg5 Qa5 18. Bxf6 gxf6 19. e4 Qxa3 20. exd5 exd5 {1-0 (27)
Makhnyov,D (2685)-Van Foreest,L (2722) Chess.com INT 2019}) 15. Nd6 Nxc5 16.
Nxc4 Be4 17. Qd1 Nd5 (17... Qa8 $11) 18. Be5 $1 $14 Qa8 19. Bd6 Rd8 20. Bxe7
Nxe7 21. Qc1 (21. Ncd2 $16) 21... Nb3 $11 22. Qe3 {The position is equal.} (22.
Qc3 {seems wilder.} Qb7 23. Nh4 Bxg2 24. Nxg2 Nd4 25. Re1) 22... Qb7 23. Qb6 (
23. Bh3 {looks sharper.} h6 24. Re1 Bxf3 25. Qxf3 Qb4 26. Qc3) 23... Qxb6 24.
Nxb6 f6 25. Nc4 Nf5 26. Re1 h5 27. Nh4 Bxg2 28. Nxf5 Bb7 29. Nfe3 Ba6 30. f3
Rd4 31. Na3 Rd2 32. Nac4 Rd4 33. Na3 Rd2 34. Nac4 Bxc4 35. Nxc4 Rc2 36. Na3 {
Weighted Error Value: White=0.07/Black=0.07} 1/2-1/2

[Event "36th European Club Cup 2021"]
[Site "Struga"]
[Date "2021.09.22"]
[Round "5.10"]
[White "Santos Latasa, Jaime"]
[Black "Rodshtein, Maxim"]
[Result "1-0"]
[WhiteElo "2627"]
[BlackElo "2599"]
[Annotator "TA"]
[PlyCount "115"]
[EventDate "2021.09.18"]
[EventType "team-tourn"]
[EventCountry "MKD"]
[SourceTitle "playchess.com"]
[Source "ChessBase"]
[SourceQuality "1"]

{[%evp 18,115,0,0,14,0,26,19,21,25,21,29,43,42,42,22,16,16,39,54,54,41,47,52,
44,57,80,41,47,12,9,8,9,9,46,6,3,0,0,0,0,0,0,0,0,0,0,0,0,0,35,0,0,0,0,0,0,0,0,
0,0,0,0,0,152,137,168,150,168,162,165,152,259,254,332,215,285,256,447,442,763,
766,731,710,683,647,819,783,681,894,659,586,1500,720,690,618,595,556,489,422]} 
1. e4 c6 2. d4 d5 3. Nd2 dxe4 4. Nxe4 Bf5 5. Ng3 Bg6 6. h4 h6 7. Nf3 Nd7 8. Bd3
Bxd3 9. Qxd3 e6 10. Bf4 Qa5+ {B19: Classical Caro-Kann: 4...Bf5 main line.} 11.
Bd2 $1 {11.Bd2 scores better than 11.c3.} Bb4 12. Ne4 Ngf6 {[#]The position is
equal.} 13. Nd6+ $1 Ke7 14. Nxb7 Bxd2+ 15. Nxd2 Qb4 16. Qb3 Qxd4 17. O-O-O {[#]
} Rhb8 $146 {Threatens to win with ...Rxb7!} ({Predecessor:} 17... Qb6 18. Qa3+
c5 19. Na5 Rhc8 20. Ndc4 Qb4 21. Qf3 Kf8 22. g4 Rab8 23. a3 Qb5 {1-0 (70)
Lagno,K (2547)-Charochkina,D (2355) Moscow 2019}) 18. Qa3+ c5 19. Na5 {[%cal
Ra5c6] Nc6+ is the strong threat.} Rb6 20. Ndc4 Qf4+ 21. Kb1 Kf8 22. Qa4 (22.
Nxb6 $2 axb6 23. Qd3 Rxa5 $19) (22. g3 {with more complications.} Qc7 23. Qf3
Rbb8 24. Rhe1 Nb6 25. g4) 22... Qc7 23. Nxb6 (23. a3 $5 {[%cal Rc4b6]}) 23...
axb6 {[#]} 24. Qc6 $1 Qa7 25. Nc4 (25. Qd6+ Kg8 $17) 25... Qxa2+ {[%mdl 64]
Double Attack} 26. Kc1 b5 27. Na3 (27. Qxb5 $2 Rb8 $19) 27... Rxa3 28. bxa3
Qxa3+ 29. Kd2 {And now Ke2 would win.} Qb4+ 30. Ke2 Qc4+ 31. Ke1 Qc3+ 32. Kf1
Qxc2 {[%cal Rc2d1]} 33. Rxd7 $40 {[%mdl 128] White has some attack.} Qc4+ (
33... Nxd7 $2 34. Qxd7 Kg8 35. Qd8+ Kh7 36. Rh3 $18) 34. Ke1 (34. Kg1 $5 {
[%cal Rd7d8]} Qc1+ 35. Kh2 Qf4+ 36. Kh3 Qf5+ 37. Kg3 Qg4+ 38. Kh2 Qf4+ 39. g3
Qxf2+ 40. Kh3 Qf5+ 41. Kg2 Qc2+ 42. Kh3 Qf5+ 43. Kh2 Qf2+ 44. Kh3 Qf5+ $11)
34... Qc3+ $1 35. Ke2 Qb2+ $1 36. Rd2 Qe5+ 37. Kd3 Qf5+ 38. Kc3 {Intending
Rd8+ and mate.} Ne4+ {[%mdl 64] Double Attack} 39. Kc2 {Threatening mate with
Qc8+.} Nxd2+ 40. Kxd2 {aiming for Qd6+.} Qxf2+ $2 {White stays focused until
the end.} (40... Qf4+ $1 $11 41. Ke2 Qc4+ 42. Ke3 Qd4+ 43. Ke2 Qc4+ 44. Ke3
Qd4+ 45. Ke2 Qc4+) 41. Kd1 $16 (41. Kc1 Qe3+ 42. Kc2 Qe2+ 43. Kc1 Qe3+ 44. Kc2
Qe2+ 45. Kc1 Qe3+ $11) 41... Qd4+ 42. Ke2 $1 Qe5+ 43. Kf2 Qd4+ 44. Kg3 $1 Qe5+
(44... g5 $16 {is a better defense.} 45. hxg5 hxg5 46. Qc8+ Ke7 47. Qb7+ Kf8
48. Qb8+ Ke7) 45. Kh3 $18 g5 46. Qf3 ({Inferior is} 46. Qxb5 Qf5+ 47. Kh2 Qf4+
48. Kg1 (48. g3 $2 {gets mated.} Qf2+ 49. Kh3 g4+ {[%mdl 64] Decoy} 50. Kxg4
Qf5#) 48... Qe3+ 49. Kh2 Qf4+ 50. Kg1 (50. g3 $2 {is a self mate.} Qf2+ 51. Kh3
g4+ {[%mdl 64] Decoy} 52. Kxg4 Qf5#) 50... Qe3+ 51. Kh2 Qf4+ $11) 46... Ke7 47.
g3 b4 $2 (47... f5 48. Qb7+ Kf6) 48. Rd1 {White is clearly winning.} f5 (48...
gxh4 $142 49. gxh4 Qc3 50. Qxc3 bxc3) 49. Qd3 {White wants to mate with Qd8+.}
Qc7 50. Qe3 Kf6 51. Rc1 Qe5 52. Qxc5 {White threatens Qf8+ and mate.} Qe2 {[#]}
53. hxg5+ $1 hxg5 {[#]} 54. Rc2 $1 {[%cal Rc2e2]} Qf1+ 55. Kh2 Qd1 56. Rf2 b3
57. Qc3+ Kg6 58. Rb2 {Weighted Error Value: White=0.08/Black=0.19} 1-0

[Event "36th European Club Cup 2021"]
[Site "Struga"]
[Date "2021.09.22"]
[Round "5.11"]
[White "Postny, Evgeny"]
[Black "Alonso Rosell, Alvar"]
[Result "0-1"]
[WhiteElo "2564"]
[BlackElo "2566"]
[Annotator "TA"]
[PlyCount "108"]
[EventDate "2021.09.18"]
[EventType "team-tourn"]
[EventCountry "MKD"]
[SourceTitle "playchess.com"]
[Source "ChessBase"]
[SourceQuality "1"]

{[%evp 19,108,0,0,0,0,0,0,0,26,20,21,-26,-29,-58,-63,-106,-110,-101,-108,-114,
-101,-113,-94,-142,-136,-221,-203,-257,-294,-343,-344,-303,-62,-60,-55,-46,-47,
-95,-81,-106,-110,-106,-112,-104,-99,-156,-156,-156,-156,-155,-155,-287,-274,
-270,-273,-273,-276,-266,-258,-356,-348,-329,-235,-237,-234,-225,-170,-222,
-224,-218,-212,-237,-231,-261,-261,-250,-220,-279,-277,-279,-279,-341,-341,
-481,-479,-466,-466,-464,-456,-435,-429]} 1. d4 Nf6 2. c4 e6 3. g3 d5 4. Bg2
Be7 5. Nf3 O-O 6. Nbd2 c5 7. dxc5 Bxc5 8. O-O Nc6 9. a3 a5 10. cxd5 exd5 11.
Nb3 {E06: Closed Catalan: Early deviations.} Bb6 12. Nbd4 Re8 13. Bf4 {The
position is equal.} Bg4 {[#]} 14. Nxc6 $146 ({Predecessor:} 14. Nb5 Qd7 15. Rc1
h6 16. Rc2 Rad8 17. Nbd4 Nxd4 18. Nxd4 Bxd4 19. Qxd4 Bxe2 20. Rc7 {1/2-1/2 (72)
Mahjoob,M (2461)-Roghani,A (2324) Teheran 2004}) 14... bxc6 15. Rc1 c5 16. Re1
h6 17. Qc2 Ne4 18. Rcd1 Bf5 19. Qc1 g5 20. Bd2 Qf6 21. Rf1 Rac8 $1 22. Be1 (22.
h4 $17 {was necessary.}) 22... d4 $1 $19 23. Qc4 Nd6 24. Qa6 Qd8 25. e3 d3 ({
And not} 25... dxe3 26. fxe3 Ra8 27. Qe2 $11) (25... Bc2 $19 26. Rc1 Ba4) 26.
Rxd3 $15 Ra8 $1 {[%cal Ra8a6]} 27. Qxa8 Bxd3 28. Qxd8 {Black continues to play
with concentration.} Bxd8 29. Bc3 {Rd1 is the strong threat.} Bxf1 30. Bxf1 Ne4
31. Bb5 Re6 32. Bc4 (32. Nd2 $142) 32... Rd6 $17 33. Ne5 Nxc3 34. bxc3 {
[%mdl 4096] Endgame KRB-KBN} Bf6 35. Nxf7 (35. Nd3 $17 {is the only way for
White.}) 35... Rd1+ $19 36. Kg2 Kg7 ({Less strong is} 36... Bxc3 37. Nxg5+ Kf8
38. Ne4 $15) 37. e4 Bxc3 38. e5 a4 39. e6 {[#]} Bf6 40. Bb5 Re1 41. Nd6 {
White wants to play Ne8+.} Rxe6 42. Nc4 Re4 43. Nd6 {[#]} (43. Kf3 {might work
better.} Rd4 44. Ke2) 43... Re1 $1 44. Bxa4 Bb2 45. Nc4 {[#]} Bxa3 {[%mdl 512]}
46. Bc6 ({But not} 46. Nxa3 Ra1 $19) (46. Kf3 h5) 46... Bb4 47. h3 Re2 48. Kf1
Ra2 49. Bd5 Bc3 50. Ne3 Rd2 51. Be4 (51. f3 $142) 51... Bd4 {Black is clearly
winning.} 52. Nf5+ Kf6 53. Nxh6 Rxf2+ 54. Ke1 {Hoping for Ng4+.} Rb2 {Weighted
Error Value: White=0.24/Black=0.13} 0-1

[Event "36th European Club Cup 2021"]
[Site "Struga"]
[Date "2021.09.22"]
[Round "5.12"]
[White "Henderson de La Fuente, Lance"]
[Black "Steinberg, Nitzan"]
[Result "0-1"]
[WhiteElo "2491"]
[BlackElo "2537"]
[Annotator "ChessBase"]
[PlyCount "88"]
[EventDate "2021.09.18"]
[EventType "team-tourn"]
[EventCountry "MKD"]
[SourceTitle "playchess.com"]
[Source "ChessBase"]
[SourceQuality "1"]
[TimeControl "40/5400+30:1800+30"]

1. d4 {[%emt 0:00:21]} d5 {[%emt 0:01:02]} 2. c4 {[%emt 0:00:33]} c6 {[%emt 0:
00:13]} 3. Nf3 {[%emt 0:00:56]} Nf6 {[%emt 0:00:14]} 4. e3 {[%emt 0:00:17]} Bf5
{[%emt 0:04:12]} 5. Nc3 {[%emt 0:00:38]} e6 {[%emt 0:00:05]} 6. Bd3 {[%emt 0:
01:40]} Bg6 {[%emt 0:04:49]} 7. O-O {[%emt 0:01:38]} Nbd7 {[%emt 0:02:03]} 8.
Qe2 {[%emt 0:03:41]} Bb4 {[%emt 0:03:22]} 9. Bd2 {[%emt 0:00:23]} a5 {[%emt 0:
04:03]} 10. a3 {[%emt 0:01:49]} Bxc3 {[%emt 0:01:25]} 11. Bxc3 {[%emt 0:00:29]}
Ne4 {[%emt 0:01:41]} 12. Bxe4 {[%emt 0:09:28]} Bxe4 {[%emt 0:01:58]} 13. Nd2 {
[%emt 0:00:41]} Nf6 {[%emt 1:11:53]} 14. a4 {[%emt 0:07:15]} O-O {[%emt 0:00:
00]} 15. b4 {[%emt 0:09:59]} b6 {[%emt 0:00:00]} 16. Rfc1 {[%emt 0:11:08]} Bg6
{[%emt 0:00:00]} 17. Nb3 {[%emt 0:10:12]} Ne4 {[%emt 0:00:00]} 18. Be1 {
[%emt 0:00:08]} axb4 {[%emt 0:00:00]} 19. Bxb4 {[%emt 0:00:31]} Re8 {[%emt 0:
00:00]} 20. f3 {[%emt 0:02:12]} Nf6 {[%emt 0:00:00]} 21. Be1 {[%emt 0:07:11]}
e5 {[%emt 0:00:00]} 22. dxe5 {[%emt 0:05:31]} Rxe5 {[%emt 0:00:00]} 23. c5 {
[%emt 0:12:14]} bxc5 {[%emt 0:00:00]} 24. Bg3 {[%emt 0:02:33]} Re8 {[%emt 0:00:
00]} 25. Nxc5 {[%emt 0:00:06]} Qe7 {[%emt 0:00:00]} 26. a5 {[%emt 0:01:05]} Ra7
{[%emt 0:00:00]} 27. Qd2 {[%emt 0:03:01]} Rea8 {[%emt 0:00:00]} 28. Ra3 {
[%emt 0:04:05]} Rxa5 {[%emt 0:00:00]} 29. Rxa5 {[%emt 0:03:14]} Rxa5 {[%emt 0:
00:00]} 30. Qd4 {[%emt 0:00:17]} h6 {[%emt 0:02:24]} 31. h3 {[%emt 0:01:49]}
Ra3 {[%emt 0:01:29]} 32. Rc3 {[%emt 0:00:29]} Rxc3 {[%emt 0:04:05]} 33. Qxc3 {
[%emt 0:00:02]} Ne8 {[%emt 0:00:28]} 34. Nb3 {[%emt 0:01:04]} Nd6 {[%emt 0:01:
04]} 35. Qxc6 {[%emt 0:00:43]} Nf5 {[%emt 0:00:51]} 36. Bf2 {[%emt 0:00:16]}
Nxe3 {[%emt 0:00:19]} 37. Nd4 {[%emt 0:00:26]} Kh7 {[%emt 0:00:35]} 38. Nb5 {
[%emt 0:00:51]} Qg5 {[%emt 0:00:38]} 39. g3 {[%emt 0:00:30]} Nd1 {[%emt 0:00:
28]} 40. f4 {[%emt 0:00:00]} Qh5 {[%emt 0:00:00]} 41. Nd6 {[%emt 0:05:36]} Bd3
{[%emt 0:11:50]} 42. Qc1 {[%emt 0:03:09]} Nxf2 {[%emt 0:03:57]} 43. Kxf2 {
[%emt 0:00:03]} Qxh3 {[%emt 0:02:17]} 44. Qe3 {[%emt 0:00:01]} Qf1# {[%emt 0:
00:09]} 0-1

[Event "36th European Club Cup 2021"]
[Site "Struga"]
[Date "2021.09.22"]
[Round "5.13"]
[White "Mamedyarov, Shakhriyar"]
[Black "Carlsen, Magnus"]
[Result "1/2-1/2"]
[WhiteElo "2762"]
[BlackElo "2855"]
[Annotator "TA"]
[PlyCount "137"]
[EventDate "2021.09.18"]
[EventType "team-tourn"]
[EventCountry "MKD"]
[SourceTitle "playchess.com"]
[Source "ChessBase"]
[SourceQuality "1"]

{[%evp 14,137,63,13,49,50,54,59,52,47,44,40,47,43,89,87,85,84,81,85,91,85,101,
97,104,84,87,70,68,59,72,74,89,64,75,54,51,52,52,52,48,48,48,48,56,48,54,48,54,
48,48,48,48,48,56,42,42,42,42,42,42,42,42,42,41,0,42,42,42,42,54,47,66,32,31,
30,136,136,122,125,118,113,117,69,69,72,72,72,72,70,64,53,288,72,72,72,72,72,
72,60,60,53,53,59,51,69,62,0,0,0,0,0,0,0,0,0,0,0,0,0,0,0,0,0,0,0]} 1. d4 g6 2.
c4 Bg7 3. Nf3 Nf6 4. Nc3 d6 5. g3 O-O 6. Bg2 Nc6 7. O-O e5 8. h3 {8.dxe5 is a
critical line.} (8. d5 $5 {[%cal Rd5c6]} Ne7 9. e4 $14) 8... Re8 {E62: King's
Indian: Fianchetto: 6...c6 and Panno Variation (6...Nc6) without ...a6.} 9. d5
Nb8 10. e4 a5 {[#] White is slightly better.} 11. Be3 $146 ({Predecessor:} 11.
Bg5 h6 12. Be3 Na6 13. a3 Bd7 14. Nd2 Nh7 15. f3 f5 16. Bf2 f4 17. g4 {1-0 (49)
Reschke,S (2367)-Voropaev,G (2287) Germany 2014}) 11... Na6 12. a3 Nc5 13. Nd2
a4 14. Bxc5 dxc5 15. Nxa4 Qe7 16. b3 Bd7 17. Nb2 Ra6 18. Nd3 Rea8 19. Qc1 Ne8
20. Qb2 b6 21. b4 Nd6 22. bxc5 bxc5 23. Nxc5 (23. Qc1 {with more complications.
} Bh6 24. Nxc5 Ra5 25. Ncb3 Ra4 26. Qc3) 23... Nxc4 $1 24. Qb4 (24. Nxc4 {
seems wilder.} Qxc5 25. Rfc1 Qd4 26. Rab1 Qxb2 27. Rxb2 f6 28. Rb7) 24... Nxd2
25. Nxa6 Qxb4 26. axb4 {Nc5 is the strong threat.} Nxf1 27. Bxf1 Bf8 28. Rc1
Bd6 29. b5 ({Avoid the trap} 29. Nxc7 $2 Rc8 $19) 29... Ra7 30. h4 Kg7 31. Bd3
f5 32. f3 fxe4 33. fxe4 g5 34. hxg5 Kg6 35. Kf2 Kxg5 36. Be2 Be8 37. Ke3 Rb7
38. Nc5 Ra7 39. Na6 Rb7 40. Rc3 Ra7 41. Kf2 Rb7 42. Nc5 Ra7 43. Ne6+ Kf6 44. g4
Bg6 (44... Bd7 $11) 45. Rc6 $16 Ke7 {[#]} 46. Ra6 $1 {[%cal Ra6a7]} Rb7 47. Ke3
Be8 48. Ra8 h6 $1 49. Kf3 Bxb5 50. Bxb5 Rxb5 {[%mdl 4096] Endgame KRB-KRN} 51.
Rh8 Rb3+ 52. Kf2 Rb4 $2 (52... Rb2+ $14 53. Kg3 Rb3+ 54. Kg2 Rb2+ 55. Kf3 Rb3+
56. Kf2 Rb2+ 57. Ke3 Rb3+ 58. Kf2) 53. Rxh6 $2 (53. Rh7+ $18 {is the precise
move to win.} Ke8 54. Rxh6) 53... Rxe4 54. g5 Rg4 55. Kf3 Rg1 56. Rh7+ Ke8 57.
Ke4 Re1+ 58. Kf5 Rf1+ 59. Kg6 e4 $1 60. Nxc7+ (60. Rh4 $14) 60... Bxc7 $11 {
The position is equal.} 61. Rxc7 $14 {Hoping for Rc4. KR-KR} e3 $1 {[%cal
Re3e2]} 62. Rc4 {Black must now prevent Re4+.} Kd7 {Threatens to win with ...
e2.} 63. Re4 Re1 $1 64. Re6 e2 65. Kg7 Rg1 66. Rxe2 Rxg5+ {[%mdl 64] [#]
Double Attack} 67. Kf6 Rxd5 68. Re5 Rxe5 69. Kxe5 {Weighted Error Value:
White=0.14/Black=0.15} 1/2-1/2